| 000 | 01505cam a2200373 i 4500 | ||
|---|---|---|---|
| 001 | 23582283 | ||
| 003 | OSt | ||
| 005 | 20250611111507.0 | ||
| 008 | 240228s2023 ii a 000 0aeng | ||
| 010 | _a 2024305537 | ||
| 020 | _a9780670098651 | ||
| 025 | _aI-E-2024305537; 80-90 | ||
| 037 | _bLibrary of Congress -- New Delhi Overseas Office | ||
| 040 |
_aDLC _beng _erda _cDLC _dDLC |
||
| 042 |
_alcode _apcc |
||
| 043 | _aa-ii--- | ||
| 050 | 0 | 0 |
_aLA2383.I62 _bC4463 2023 |
| 082 |
_a658.4092 _bCHA/L |
||
| 100 | 1 |
_aChatterjee, Debashis _eauthor. _910545 |
|
| 245 | 1 | 0 |
_aLeadership chronicles / _cDebashis Chatterjee. |
| 246 | 1 |
_iOther title information from cover: _aMy experiments with globalizing Indian thought |
|
| 264 | 1 |
_aGurugram, Haryana, India : _bPenguin Business, an imprint of Penguin Random House, _c2023. |
|
| 300 |
_axvii, 173 pages, 8 unnumbered pages of plates : _billustrations (black and white, and color) ; _c23 cm |
||
| 337 |
_aunmediated _bn _2rdamedia |
||
| 338 |
_avolume _bnc _2rdacarrier |
||
| 504 | _aIncludes bibliographical references (pages 169-170). | ||
| 530 | _aAlso available as an e-book. | ||
| 600 | 1 | 0 | _aChatterjee, Debashis. |
| 610 | 2 | 0 |
_aIndian Institute of Management Kozhikode _xEmployees _vBiography. |
| 650 | 0 |
_aCollege administrators _zIndia _vBiography. |
|
| 650 | 0 |
_aCollege teachers _zIndia _vBiography. |
|
| 650 | 0 |
_aLeadership _xStudy and teaching (Higher) _zIndia. |
|
| 942 |
_2ddc _cBK _h658.4092 _iCHA/L _k658.4092 _mCHA/L |
||
| 999 |
_c44545 _d44545 |
||